| 000 | 01370cab a2200373 4500 | ||
|---|---|---|---|
| 001 | ABS53238 | ||
| 008 | 090401t1995 xxu||||| |||| 00| 0 eng d | ||
| 035 | _a(Sirsi) u2851 | ||
| 041 | _aeng | ||
| 245 | _aRisk assessment and the new law of health and safety at work | ||
| 260 | _c1995 | ||
| 350 | _a0 | ||
| 490 |
_aEstates Gazette _v(9529) 22 July 1995, 113-114(2) |
||
| 520 | _aUpdates the health and safety duties of employers with reference to Management of Health and Safety at Work Regulations 1992 (SI 1992:2051), which implements much of the EU legislation and embraces the idea of risk assessment. "Mainly for students" article. | ||
| 650 | _aAPPROVED CODE OF PRACTICE | ||
| 650 | _aCONTROL OF SUBSTANCES HAZARDOUS TO HEALTH REGULATIONS 1988 | ||
| 650 | _aCOSHH | ||
| 650 | _aDIRECTIVE 89/39/EEC | ||
| 650 | _aEC DIRECTIVES | ||
| 650 | _aEMPLOYMENT | ||
| 650 | _aEQUIPMENT | ||
| 650 | _aEU LEGISLATION | ||
| 650 | _aHEALTH AND SAFETY AT WORK ETC ACT 1974 | ||
| 650 |
_aHEALTH AND SAFETY _96244 |
||
| 650 | _aMANAGEMENT OF HEALTH AND SAFETY AT WORK REGULATIONS 1992 | ||
| 650 | _aRISK ASSESSMENT | ||
| 650 | _aROBENS COMMITTEE | ||
| 650 | _aWORKPLACE (HEALTH, SAFETY AND WELFARE) REGULATIONS 1992 | ||
| 650 | _aWORKPLACE MANAGEMENT | ||
| 650 | _aWORKPLACE | ||
| 690 | _aECONOMIC AND SOCIAL | ||
| 942 | _n0 | ||
| 948 | _c04/03/1997 | ||
| 999 |
_c1715 _d1715 |
||